Emotional intelligence at work: (Record no. 168492)

MARC details
000 -LEADER
fixed length control field 00631nam a22002177a 4500
005 - DATE AND TIME OF LATEST TRANSACTION
control field 20200113142939.0
008 - FIXED-LENGTH DATA ELEMENTS--GENERAL INFORMATION
fixed length control field 191010b ||||| |||| 00| 0 eng d
010 ## - LCCN (DPL NO)
LC control number B-119591
020 ## - INTERNATIONAL STANDARD BOOK NUMBER
International Standard Book Number 0761997490
Terms of availability 250.00
035 ## - SYSTEM CONTROL NUMBER
System control number B-119591
040 ## - CATALOGING SOURCE
Original cataloging agency dpl
Language of cataloging en
050 ## - LIBRARY OF CONGRESS CALL NUMBER
DPL Classification number 158.7
082 ## - DEWEY DECIMAL CLASSIFICATION NUMBER
Classification number 158.7
100 ## - MAIN ENTRY--PERSONAL NAME
Personal name Dilip Singh
245 ## - TITLE STATEMENT
Title Emotional intelligence at work:
Remainder of title by Dalip Singh
Statement of responsibility, etc a professional guide/
250 ## - EDITION STATEMENT
Edition statement 2nd ed.
260 ## - PUBLICATION, DISTRIBUTION, ETC. (IMPRINT)
Place of publication, distribution, etc New Delhi
Name of publisher, distributor, etc Response Books
Date of publication, distribution, etc 2003
270 ## - ADDRESS
Address B-42, Panchsheel Enclave,
City New Delhi
Postal code 110017
300 ## - PHYSICAL DESCRIPTION
Extent 296p.
Dimensions 22cm(pbk)
942 ## - ADDED ENTRY ELEMENTS (KOHA)
Source of classification or shelving scheme Dewey Decimal Classification
Item type English Books
Classification part 158.7
Call number suffix DAL
Holdings
Withdrawn status Lost status Source of classification or shelving scheme Damaged status Not for loan Collection code Home library Current library Date acquired Source of acquisition Cost, normal purchase price Total Checkouts Full call number Barcode Date last seen Copy number Cost, replacement price Koha item type
    Dewey Decimal Classification     Non-fiction R.K.Puram-8 R.K.Puram-8 10/10/2019 BPPD/Purchase 250.00   158.7 DAL B-119591 10/10/2019 1 250.00 English Books
    Dewey Decimal Classification       Sarojini Nagar Sarojini Nagar 02/07/2022     1 158.7 DAL B-119595 09/11/2022   250.00 English Books

© Delhi Public Library
Hit Counter
free hit counter